Introduction to positive economics (Record no. 5640)

000 -LEADER
fixed length control field 00453nam a22001817a 4500
001 - CONTROL NUMBER
control field 5640
003 - CONTROL NUMBER IDENTIFIER
control field BD-DhUET
008 - FIXED-LENGTH DATA ELEMENTS--GENERAL INFORMATION
fixed length control field 141127b xxu||||| |||| 00| 0 eng d
040 ## - CATALOGING SOURCE
Transcribing agency 0
Modifying agency BD-DhUET
082 ## - DEWEY DECIMAL CLASSIFICATION NUMBER
Classification number 330
Item number LIP/1971
100 ## - MAIN ENTRY--PERSONAL NAME
Personal name Lipsey, Richard G.
245 ## - TITLE STATEMENT
Title Introduction to positive economics
250 ## - EDITION STATEMENT
Edition statement 3rd ed.
260 ## - PUBLICATION, DISTRIBUTION, ETC. (IMPRINT)
Name of publisher, distributor, etc. English Language Book
Place of publication, distribution, etc. Hampshire
Date of publication, distribution, etc. 1971
300 ## - PHYSICAL DESCRIPTION
Extent xx, 740 p.
Other physical details ill.
Dimensions 26 cm.
650 #0 - SUBJECT ADDED ENTRY--TOPICAL TERM
Topical term or geographic name as entry element Economics
942 ## - ADDED ENTRY ELEMENTS (KOHA)
Koha item type General Book
Holdings
Sublocation or collection (holding branch) Koha full call number Date acquired Source of classification or shelving scheme Damaged status Lost status Not for loan Price effective from Koha normalized classification for sorting Withdrawn status Shelving location Koha item type Copy number Location (home branch) Piece designation (barcode) Koha date last seen Koha collection
Central Library, BUET330/LIP/19712014-11-27    2014-11-27330LIP1971 Circulation sectionGeneral Book1Central Library, BUET236932014-11-27 
Central Library, BUET330/LIP/19712014-11-27    2014-11-27330LIP1971 Circulation sectionGeneral Book2Central Library, BUET237022014-11-27 
Central Library, BUET330/LIP/19712015-01-27    2015-01-27330_000000000000000_LIP_1971 Circulation sectionGeneral Book3Central Library, BUET236892015-01-27 
Central Library, BUET330/LIP/19712015-01-27    2015-01-27330_000000000000000_LIP_1971 Circulation sectionGeneral Book4Central Library, BUET236842015-01-27 
Central Library, BUET330/LIP/19712015-01-27    2015-01-27330_000000000000000_LIP_1971 Circulation sectionGeneral Book5Central Library, BUET237102015-01-27 
Central Library, BUET330/LIP/19712015-01-27    2015-01-27330_000000000000000_LIP_1971 Circulation sectionGeneral Book6Central Library, BUET237132015-01-27 
Central Library, BUET330/LIP/19712015-01-27    2015-01-27330_000000000000000_LIP_1971 Cataloging sectionGeneral Book7Central Library, BUET236902015-01-27 
Central Library, BUET330/LIP/19712015-01-27    2015-01-27330_000000000000000_LIP_1971 Circulation sectionGeneral Book8Central Library, BUET236982015-01-27 
Central Library, BUET330/LIP/19712015-01-27    2015-01-27330_000000000000000_LIP_1971 Circulation sectionGeneral Book9Central Library, BUET236852015-01-27 
Central Library, BUET330/LIP/19712015-01-27    2015-01-27330_000000000000000_LIP_1971 Circulation sectionGeneral Book10Central Library, BUET237122015-01-27 
Central Library, BUET330/LIP/19712015-01-28    2015-01-28330_000000000000000_LIP_1971 Circulation sectionGeneral Book4Central Library, BUET236772015-01-28Non Fiction
Central Library, BUET330/LIP/19712015-01-28    2015-01-28330_000000000000000_LIP_1971 Circulation sectionGeneral Book30Central Library, BUET237062015-01-28Non Fiction
Central Library, BUET330/LIP/19712015-01-28    2015-01-28330_000000000000000_LIP_1971 Circulation sectionGeneral Book29Central Library, BUET237052015-01-28Non Fiction
Central Library, BUET330/LIP/19712015-01-28    2015-01-28330_000000000000000_LIP_1971 Circulation sectionGeneral Book16Central Library, BUET236802015-01-28Non Fiction
Central Library, BUET330/LIP/19712015-04-20    2015-04-20330_000000000000000_LIP_1971 Circulation sectionGeneral Book15Central Library, BUET236912015-04-20